The big pets / (Record no. 2883)

MARC details
000 -LEADER
fixed length control field 00950pam a2200277 a 4500
005 - DATE AND TIME OF LATEST TRANSACTION
control field 20240119160733.0
020 ## - INTERNATIONAL STANDARD BOOK NUMBER
International Standard Book Number 0140542655
040 ## - CATALOGING SOURCE
Original cataloging agency DLC
Transcribing agency DLC
Modifying agency DLC
Language of cataloging eng
050 10 - LIBRARY OF CONGRESS CALL NUMBER
Classification number PZ7.S6538
082 00 - DEWEY DECIMAL CLASSIFICATION NUMBER
Classification number 813.54
100 1# - MAIN ENTRY--PERSONAL NAME
Personal name Smith, Lane
245 14 - TITLE STATEMENT
Title The big pets /
Statement of responsibility, etc. by Lane Smith.
260 ## - PUBLICATION, DISTRIBUTION, ETC.
Place of publication, distribution, etc. New York:
Name of publisher, distributor, etc. Penguin Group ,
Date of publication, distribution, etc. 1993
300 ## - PHYSICAL DESCRIPTION
Extent 28 unnumbered pages :
Other physical details color illustrations ;
Dimensions 27 cm.
500 ## - GENERAL NOTE
General note "First published in the United States of America by Viking Penguin ... 1991"--T.p. verso.
505 ## - FORMATTED CONTENTS NOTE
Formatted contents note N <br/>
520 ## - SUMMARY, ETC.
Summary, etc. A little girl explores the mysterious dreamworld where small children play with their big pets, which range from cats and dogs to snakes and crickets.
521 ## - TARGET AUDIENCE NOTE
Target audience note 550 <br/>
Source Lexile <br/>
521 ## - TARGET AUDIENCE NOTE
Target audience note N <br/>
Source Raz-Plus <br/>
650 #1 - SUBJECT ADDED ENTRY--TOPICAL TERM
Topical term or geographic name entry element Animals
General subdivision Fiction.
650 #1 - SUBJECT ADDED ENTRY--TOPICAL TERM
Topical term or geographic name entry element Pets
General subdivision Fiction.
650 #1 - SUBJECT ADDED ENTRY--TOPICAL TERM
Topical term or geographic name entry element Dreams
General subdivision Fiction.
906 ## - LOCAL DATA ELEMENT F, LDF (RLIN)
a 7
b cbc
c orignew
d 1
e ocip
f 19
g y-gencatlg
942 ## - ADDED ENTRY ELEMENTS (KOHA)
Source of classification or shelving scheme Dewey Decimal Classification
Koha item type Books
Suppress in OPAC No
999 ## -
-- 2883
-- 2883
Holdings
Withdrawn status Lost status Source of classification or shelving scheme Damaged status Not for loan Collection Home library Current library Shelving location Date acquired Total Checkouts Full call number Barcode Date last seen Date last checked out Price effective from Koha item type
    Dewey Decimal Classification     Juvenile Fiction Footprints International School Library Network Toul Kork Campus Footprints International School Library Network Toul Kork Campus   01/19/2024 1 SMI 813.54 PZ7.S6538 2024-0047 03/04/2024 02/26/2024 01/19/2024 Books